|
|
|
|
| LEADER |
00992nam a2200277 u 4500 |
| 001 |
10116475 |
| 003 |
upatras |
| 005 |
20210117205434.0 |
| 008 |
150610s1975 us eng |
| 020 |
|
|
|a 0471161063
|
| 040 |
|
|
|a GR-PaULI
|c GR-PaULI
|
| 041 |
0 |
|
|a eng
|
| 082 |
0 |
4 |
|a 692.8
|
| 100 |
1 |
|
|a Clough, Richard H.
|4 aut
|9 144579
|
| 245 |
1 |
0 |
|a Contsruction contracting
|c Richard H. Clough
|
| 250 |
|
|
|a 3rd ed.
|
| 260 |
|
|
|a New York
|b John Wiley & Sons
|c 1975
|
| 300 |
|
|
|a vii, 453 σ.
|b πίν.
|c 26 εκ.
|
| 504 |
|
|
|a Περιλαμβάνει ευρετήριο
|
| 650 |
|
4 |
|a Κατασκευές
|9 6146
|
| 650 |
|
4 |
|a Οικοδομική
|9 3611
|
| 852 |
|
|
|a GR-PaULI
|b ΠΑΤΡΑ
|b ΒΚΠ
|b ΒΣ1
|k ΑΣΧΞ
|h 692.8 CLO
|m 04564
|p 025000244351
|t 1
|
| 942 |
|
|
|2 ddc
|c BK15
|
| 952 |
|
|
|0 0
|1 0
|4 0
|6 692_800000000000000_CLO
|7 0
|9 179671
|a LISP
|b LISP
|c BSC
|d 2016-04-24
|i 04564
|l 0
|o 692.8 CLO
|p 025000244351
|r 2016-04-24 00:00:00
|t 1
|w 2016-04-24
|y BK15
|
| 998 |
|
|
|c ΒΑΣΙΛΕΙΟΥ
|d 2015-06
|
| 999 |
|
|
|c 111315
|d 111315
|